000 00946nam a2200433Ia 4500
001 32122
003 97976
005 20250325213527.0
008 ||||||n9999 ||| || ||
041 _apor
082 _219
_a350
110 _aBrasil. Servicio Publico Fedral
_911867
245 0 _aClassificacao e retribuicao de cargos
_bdiplomacia
260 _aBrasil :
_bServicio Publico Federal,
_c1972.
300 _a44p
562 _e1
650 _aCLASIFICACION DE CARGOS
_96679
650 0 _aDiplomacia
_95026
942 _cBKM
999 _c32122
_d32122
526 _a17598
526 _a102617
526 _a102618
526 _a15794
526 _a102620
526 _a10406
526 _a105630
526 _a1698
526 _a116204
526 _a4969
526 _a19790
526 _a104436
526 _a5144
526 _a51868
526 _a3899
526 _a9683
526 _a
526 _a1703
526 _a1697